[Event "34th Chess Olympiad (men)"]
[Site "Istanbul"]
[Date "2000.11.04"]
[Round "7.55.4"]
[White "Chong, Chor"]
[Black "Miranda, Adrian"]
[WhiteElo "2000"]
[BlackElo "2000"]
[WhiteCountry "HKG"]
[BlackCountry "PAN"]
[Result "1/2-1/2"]

1. d4 Nf6 2. c4 e6 3. Nf3 d5 4. Nc3 c5 5. e3 Nc6 6. Bd3 Bd6 7. a3 O-O 
8. O-O dxc4 9. Bxc4 a6 10. dxc5 Bxc5 11. b4 Bd6 12. Re1 Qc7 13. Qb3 Ne5 
14. Nxe5 Bxe5 15. Bb2 Bxh2+ 16. Kf1 b5 17. Be2 Bb7 18. Rac1 Qe5 19. Bf3 Bxf3 
20. gxf3 Qf5 21. Kg2 Be5 22. Ne2 Qg5+ 23. Ng3 Bxb2 24. Qxb2 h5 25. Rc5 Nd5 
26. Rh1 h4 27. e4 hxg3 28. exd5 gxf2+ 29. Kxf2 exd5 30. Rg1 Qh4+ 31. Rg3 Qh2+ 
32. Rg2 Qh6 33. Rxd5 Rad8 34. Rdg5 Qh4+ 35. R2g3 Qh2+ 36. Rg2 Qh4+ 37. R2g3 Qg4 
1/2-1/2

[Event "34th Chess Olympiad (men)"]
[Site "Istanbul"]
[Date "2000.11.04"]
[Round "7.56.1"]
[White "Mueller, Leonhard"]
[Black "Smith, Louis"]
[WhiteElo "2249"]
[BlackElo "2178"]
[WhiteCountry "NAM"]
[BlackCountry "AHO"]
[Result "1-0"]

1. d4 g6 2. c4 Bg7 3. e4 d6 4. Nc3 Nf6 5. Nf3 O-O 6. Be2 Nc6 7. d5 Nb8 8. h3 c5 
9. O-O Nbd7 10. Be3 b6 11. Qd2 Ne8 12. Rad1 Ne5 13. Nh2 e6 14. f4 Nd7 
15. dxe6 fxe6 16. Nb5 Qe7 17. b3 Ndf6 18. Bf3 Bb7 19. Nxd6 Nxd6 20. Qxd6 Qxd6 
21. Rxd6 Bxe4 22. Rxe6 Rae8 23. Rxe8 Rxe8 24. Re1 Bxf3 25. Nxf3 Nh5 26. g4 Bc3 
27. Bd2 Rxe1+ 28. Bxe1 Nxf4 29. Bxc3 Ne2+ 30. Kf2 Nxc3 31. a4 Ne4+ 32. Ke3 Nd6 
33. Ne5 Ne8 34. Nc6 a6 35. Ne7+ Kf7 36. Nd5 b5 37. cxb5 axb5 38. axb5 Ke6 
39. Nc3 Nd6 40. b6 Kd7 41. Kf4 Kc6 42. Na4 c4 43. bxc4 Nxc4 44. Kg5 h5 
45. gxh5 gxh5 46. Kxh5 Ne5 47. Kg5 Nf3+ 48. Kf4 Nh4 49. Kg4 Ng6 50. h4 Ne5+ 
51. Kf5 Kd6 52. h5 Nf7 53. Kg6 Ne5+ 54. Kg7 
1-0

[Event "34th Chess Olympiad (men)"]
[Site "Istanbul"]
[Date "2000.11.04"]
[Round "7.56.2"]
[White "Neumann, Han H W M"]
[Black "Nakapunda, Otto"]
[WhiteElo "2228"]
[BlackElo "2157"]
[WhiteCountry "AHO"]
[BlackCountry "NAM"]
[Result "0-1"]

1. e4 c6 2. d4 d5 3. e5 Bf5 4. Nc3 e6 5. g4 Bg6 6. Nge2 h6 7. Be3 Nd7 8. h4 Ne7 
9. h5 Bh7 10. f4 Nc8 11. Kf2 Ncb6 12. b3 Bb4 13. a3 Be7 14. Kg3 Rc8 15. Ng1 c5 
16. Bd3 cxd4 17. Bxd4 Bxd3 18. Qxd3 a6 19. Nf3 Bc5 20. Rhe1 Bxd4 21. Nxd4 Qc7 
22. Re3 O-O 23. Kh3 Nb8 24. Rg1 Nc6 25. Nce2 Nd7 26. Nxc6 Qxc6 27. Nd4 Qc7 
28. g5 Nc5 29. Qe2 hxg5 30. Rxg5 Ne4 31. Rg2 Kh8 32. Kh2 Qe7 33. Qg4 Rg8 
34. Rh3 Qc5 35. Qg6 Qxd4 36. Qxf7 Ng5 37. Rxg5 Rxc2+ 38. Rg2 Rxg2+ 
39. Kxg2 Qe4+ 40. Kg3 Rc8 41. Kh4 Rc2 42. Rg3 Rh2+ 43. Kg5 Rg2 44. Qe8+ Kh7 
45. Qg6+ Kh8 46. Qxe4 Rxg3+ 47. Kh4 dxe4 48. Kxg3 Kh7 49. Kf2 g6 50. h6 Kxh6 
51. Ke3 Kh5 52. Kxe4 Kg4 53. b4 b5 54. Ke3 Kg3 55. Ke4 Kf2 56. Kd4 Kf3 
57. Kc5 Kxf4 58. Kb6 g5 59. Kxa6 g4 60. Kxb5 g3 61. a4 g2 62. a5 g1=Q 
63. a6 Kxe5 64. Kc6 Qa7 
0-1

[Event "34th Chess Olympiad (men)"]
[Site "Istanbul"]
[Date "2000.11.04"]
[Round "7.56.3"]
[White "Oberholzer, Rex"]
[Black "Mensing, Fabio"]
[WhiteElo "2200"]
[BlackElo "2000"]
[WhiteCountry "NAM"]
[BlackCountry "AHO"]
[Result "0-1"]

1. e4 e5 2. Nf3 f5 3. Nxe5 Qf6 4. d4 d6 5. Nc4 fxe4 6. Nc3 Qg6 7. Ne3 c6 
8. d5 Nf6 9. b3 Be7 10. h3 O-O 11. Bb2 Nbd7 12. Qd2 Nh5 13. O-O-O c5 14. Kb1 a6 
15. Re1 Bg5 16. g3 Ne5 17. Bg2 Nf3 18. Bxf3 Rxf3 19. Rh2 Bd7 20. Ncd1 b5 
21. Qe2 a5 22. Nf1 Rff8 23. Nc3 Nf6 24. Nxe4 Nxe4 25. f4 Rae8 26. fxg5 Nc3+ 
27. Bxc3 Rxe2 28. Rhxe2 b4 29. Re7 bxc3 30. h4 Re8 31. Rxe8+ Bxe8 32. g4 Qf7 
0-1

[Event "34th Chess Olympiad (men)"]
[Site "Istanbul"]
[Date "2000.11.04"]
[Round "7.56.4"]
[White "Maduro, Sherman"]
[Black "Hanemaaijer, Teunis"]
[WhiteElo "2230"]
[BlackElo "2000"]
[WhiteCountry "AHO"]
[BlackCountry "NAM"]
[Result "1-0"]

1. e4 e5 2. Nf3 Nc6 3. Bb5 d6 4. d4 exd4 5. Nxd4 Bd7 6. O-O Be7 7. Nxc6 bxc6 
8. Bc4 Nf6 9. Nc3 O-O 10. h3 Be6 11. Bb3 Qd7 12. f4 Bxb3 13. axb3 Rfd8 
14. Qf3 h6 15. Be3 a6 16. Rad1 Rf8 17. e5 Nh7 18. f5 f6 19. e6 Qe8 20. Rd4 Ng5 
21. Qg3 Kh8 22. h4 Nh7 23. Rg4 Rg8 24. Ne2 Rb8 25. Nf4 Nf8 26. Ng6+ Nxg6 
27. Rxg6 Kh7 28. Qg4 Rb5 29. Qh5 Qf8 30. Rf3 Re5 31. Rfg3 Rxe3 32. Rxe3 d5 
33. Re2 Bc5+ 34. Kh1 Qe7 35. Rg3 Bb6 36. Rc3 c5 37. Qg6+ Kh8 38. Qf7 Qf8 
39. Qd7 Qd8 40. Rg3 Qxd7 41. exd7 c6 42. Re6 Kh7 43. Rxc6 Rb8 44. Rxb6 
1-0

[Event "34th Chess Olympiad (men)"]
[Site "Istanbul"]
[Date "2000.11.04"]
[Round "7.57.1"]
[White "Moussa, Alaa-Eddine"]
[Black "Bhowany, Harrynarain"]
[WhiteElo "2255"]
[BlackElo "2000"]
[WhiteCountry "PLE"]
[BlackCountry "MRI"]
[Result "1-0"]

1. d4 d5 2. c4 e6 3. Nc3 Nf6 4. Bg5 Be7 5. e3 h6 6. Bh4 O-O 7. Nf3 Nc6 
8. Rc1 a6 9. a3 Bd7 10. Bxf6 Bxf6 11. cxd5 exd5 12. Nxd5 Bg4 13. Nxf6+ Qxf6 
14. Be2 Rac8 15. O-O Ne7 16. Ne5 Bxe2 17. Qxe2 Rfd8 18. b4 c6 19. Qf3 Qxf3 
20. gxf3 Rd5 21. Rc5 f6 22. Nd3 b6 23. Rxd5 cxd5 24. Rc1 Rxc1+ 25. Nxc1 Kf7 
26. Ne2 Ke6 27. Nc3 f5 28. Kf1 Ng6 29. Na4 Kd6 30. Nxb6 Kc6 31. Na4 Nh4 
32. Ke2 g5 33. h3 Ng6 34. Nc3 h5 35. a4 Ne7 36. Kf1 Kb6 37. Kg2 h4 38. f4 g4 
39. hxg4 fxg4 40. f5 h3+ 41. Kh2 Nxf5 42. Nxd5+ Kc6 43. Nf6 Nh6 44. e4 Kd6 
45. Ne8+ Kd7 46. Ng7 Nf7 47. d5 Ng5 48. Ne6 Nf3+ 49. Kh1 Ne5 50. Nc5+ Kd6 
51. Kh2 Nf3+ 52. Kg3 Nd2 53. Kh2 Nf3+ 54. Kh1 Nd2 55. a5 Ke5 56. b5 axb5 
57. a6 Nc4 58. a7 Nb6 59. Nd7+ 
1-0

[Event "34th Chess Olympiad (men)"]
[Site "Istanbul"]
[Date "2000.11.04"]
[Round "7.57.2"]
[White "Li Ying, Denis"]
[Black "Kayle, Charles"]
[WhiteElo "2090"]
[BlackElo "2097"]
[WhiteCountry "MRI"]
[BlackCountry "PLE"]
[Result "1/2-1/2"]

1. e4 c5 2. Nf3 e6 3. d4 cxd4 4. Nxd4 Nf6 5. Bd3 d6 6. Nc3 Be7 7. O-O O-O 
8. Be3 Nc6 9. f4 a6 10. Qf3 Qc7 11. g4 Nxd4 12. Bxd4 e5 13. g5 exd4 
14. gxf6 dxc3 15. fxe7 Qxe7 16. bxc3 Bd7 17. f5 Qf6 18. c4 Bc6 19. Rae1 Rae8 
20. Re2 Re5 21. Kh1 Rfe8 22. Qg4 h6 23. h4 Ra5 24. Rg1 Rxf5 25. Reg2 Rf4 
26. Qxg7+ Qxg7 27. Rxg7+ Kf8 28. Rg8+ Ke7 29. R8g4 Rxg4 30. Rxg4 Kf6 
31. Rf4+ Kg6 32. Kh2 Re5 33. Kg3 f6 34. Rf5 Bd7 35. Rxe5 fxe5 36. Be2 Be6 
37. a3 Kf6 38. Kf2 Ke7 39. Ke3 Kd8 40. Kd3 Kc7 41. Kc3 Kb6 42. Kb4 a5+ 
43. Kc3 Kc5 44. Bf1 Bg4 45. Kd3 b6 46. Kc3 Bf3 47. Kd3 Bg4 48. Kc3 Bf3 49. Kd3 
1/2-1/2

[Event "34th Chess Olympiad (men)"]
[Site "Istanbul"]
[Date "2000.11.04"]
[Round "7.57.3"]
[White "Asaad, Salah"]
[Black "Chinasamy, Devarajen"]
[WhiteElo "2000"]
[BlackElo "2020"]
[WhiteCountry "PLE"]
[BlackCountry "MRI"]
[Result "1-0"]

1. e4 c5 2. Ne2 d6 3. g3 Nf6 4. Bg2 g6 5. O-O Bg7 6. c3 O-O 7. d4 Na6 8. h3 Rb8 
9. g4 Bd7 10. Ng3 Bc6 11. Re1 Re8 12. g5 Nh5 13. Nxh5 gxh5 14. d5 Bd7 
15. Qxh5 e6 16. e5 dxe5 17. dxe6 Bxe6 18. Be4 Qd7 19. Bxh7+ Kf8 20. Rd1 Qc7 
21. Be3 Rbd8 22. Nd2 Qc8 23. Kh2 Bf5 24. Ne4 Bxh7 25. Qxh7 Qc6 26. Nf6 Bxf6 
27. gxf6 Qxf6 28. Rg1 Qe6 29. Bg5 
1-0

[Event "34th Chess Olympiad (men)"]
[Site "Istanbul"]
[Date "2000.11.04"]
[Round "7.57.4"]
[White "Seegolam, Pradeep"]
[Black "Mawed, Mohamed"]
[WhiteElo "2000"]
[BlackElo "2000"]
[WhiteCountry "MRI"]
[BlackCountry "PLE"]
[Result "1-0"]

1. e4 e5 2. Nf3 Nc6 3. Bb5 a6 4. Ba4 Nf6 5. O-O Be7 6. Re1 O-O 7. c3 b5 
8. Bc2 d6 9. h3 Bb7 10. d4 exd4 11. cxd4 Nb4 12. Nbd2 Nxc2 13. Qxc2 Nd7 
14. Nf1 Re8 15. Ng3 Bf8 16. Bg5 Be7 17. Bd2 c5 18. d5 g6 19. Rad1 Bf6 
20. Bf4 Qc7 21. Bg5 Rad8 22. Bxf6 Nxf6 23. Re3 Re7 24. Nh2 Rde8 25. b3 Nd7 
26. Qb2 Nb6 27. Ng4 h5 28. Nf6+ Kf8 29. Nh7+ Kg8 30. Nxh5 f5 31. N7f6+ Kf7 
32. Nxe8 Kxe8 33. Qh8+ Kf7 34. Qg7+ Ke8 35. Nf6+ 
1-0

[Event "34th Chess Olympiad (men)"]
[Site "Istanbul"]
[Date "2000.11.04"]
[Round "7.58.1"]
[White "Righi, Ezio"]
[Black "Ma, Ernesto"]
[WhiteElo "2118"]
[BlackElo "2200"]
[WhiteCountry "SMR"]
[BlackCountry "MAC"]
[Result "1-0"]

1. e4 e5 2. Nf3 Nc6 3. Bb5 a6 4. Ba4 Nf6 5. d3 b5 6. Bb3 d6 7. c3 Be7 
8. Nbd2 O-O 9. Nf1 Na5 10. Bc2 c5 11. Ng3 Nc6 12. O-O b4 13. Qe2 Re8 
14. Ba4 Bd7 15. Nf5 Bf8 16. Bg5 g6 17. Ne3 Bg7 18. Bb3 Qc7 19. Nd2 a5 
20. Qf3 a4 21. Bc4 Na5 22. Bxf6 Nxc4 23. Ndxc4 Re6 24. Nd5 Qb7 25. Bxg7 Kxg7 
26. Ncb6 Rf8 27. Nxd7 Qxd7 28. cxb4 cxb4 29. Rac1 b3 30. a3 Qa7 31. Rc4 Qa5 
32. Qe3 f5 33. Qe1 Qd8 34. Rc7+ Kg8 35. Qe3 g5 36. Qh3 g4 37. Qxh7# 
1-0

[Event "34th Chess Olympiad (men)"]
[Site "Istanbul"]
[Date "2000.11.04"]
[Round "7.58.2"]
[White "Calangi, Zachary Alexander"]
[Black "Volpinari, Danilo"]
[WhiteElo "2183"]
[BlackElo "2084"]
[WhiteCountry "MAC"]
[BlackCountry "SMR"]
[Result "0-1"]

1. e4 e5 2. Nf3 Nc6 3. Bc4 Bc5 4. c3 Nf6 5. d4 exd4 6. e5 d5 7. Bb5 Ne4 
8. cxd4 Bb4+ 9. Bd2 Nxd2 10. Nbxd2 Bd7 11. O-O O-O 12. Rc1 Nxe5 13. Bxd7 Nxd7 
14. Qb3 Bxd2 15. Nxd2 Nb6 16. Qg3 c6 17. Nf3 Nc4 18. b3 Nd6 19. Qf4 Re8 
20. Rfe1 Re4 21. Rxe4 Nxe4 22. h4 Qd6 23. Qg4 Re8 24. Rc2 Qe6 25. Qf4 f6 
26. Qc7 Nd6 27. Qa5 a6 28. Qb4 Qd7 29. Rd2 Re4 30. g3 Nf5 31. Kg2 Qe7 
32. Qa5 Qd6 33. Kh3 Qd7 34. Kg2 h5 35. Qc5 Nd6 36. Ng1 Re8 37. Rd1 Ne4 
38. Qc1 Qf5 39. Nh3 Nd6 40. Qd2 Qe4+ 41. f3 Qe2+ 42. Nf2 Nf5 43. Qf4 Ne3+ 
0-1

[Event "34th Chess Olympiad (men)"]
[Site "Istanbul"]
[Date "2000.11.04"]
[Round "7.58.3"]
[White "Renzi, Nicola"]
[Black "Fesalbon, Rolando"]
[WhiteElo "2000"]
[BlackElo "2000"]
[WhiteCountry "SMR"]
[BlackCountry "MAC"]
[Result "0-1"]

1. d4 c5 2. c3 d5 3. Nf3 Nc6 4. Bf4 e6 5. e3 Nf6 6. Nbd2 cxd4 7. exd4 h6 
8. Bd3 Bd6 9. Ne5 Qe7 10. Qa4 Qc7 11. Bb5 Bd7 12. Nxd7 Nxd7 13. Bxc6 bxc6 
14. Bxd6 Qxd6 15. O-O O-O 16. f4 c5 17. Qa3 Qb6 18. Nf3 Rac8 19. Rac1 Rc7 
20. b3 Rfc8 21. Qb2 Qd6 22. Ne5 Nf6 23. c4 Ne4 24. cxd5 Qxd5 25. dxc5 Rxc5 
26. Rcd1 Rc2 27. Qa3 Qb7 28. Nc4 R2xc4 29. bxc4 Qb6+ 30. c5 Rxc5 31. Rb1 Rb5+ 
0-1

[Event "34th Chess Olympiad (men)"]
[Site "Istanbul"]
[Date "2000.11.04"]
[Round "7.58.4"]
[White "Chan, Kuok"]
[Black "Cecchetti, Roberto"]
[WhiteElo "2000"]
[BlackElo "2000"]
[WhiteCountry "MAC"]
[BlackCountry "SMR"]
[Result "1/2-1/2"]

1. d4 d5 2. c4 c6 3. Nc3 dxc4 4. a4 e5 5. e3 exd4 6. exd4 Be6 7. Nf3 Bb4 
8. Ne5 b5 9. axb5 cxb5 10. Be2 Ne7 11. O-O Bxc3 
1/2-1/2

[Event "34th Chess Olympiad (men)"]
[Site "Istanbul"]
[Date "2000.11.04"]
[Round "7.59.1"]
[White "Faulks, Nick"]
[Black "Siban, Michael"]
[WhiteElo "2025"]
[BlackElo "2000"]
[WhiteCountry "BER"]
[BlackCountry "SUR"]
[Result "1-0"]

1. e4 c6 2. d4 d5 3. f3 dxe4 4. fxe4 e5 5. Nf3 exd4 6. Bc4 Be7 7. O-O Nf6 
8. Ng5 Qb6 9. Bxf7+ Kd8 10. c3 h6 11. Be3 Bg4 12. Bxd4 Qxb2 13. Ne6+ Kc8 
14. Qd2 Qxd2 15. Nxd2 Bxe6 16. Bxe6+ Nbd7 17. Rad1 c5 18. Bxf6 gxf6 19. Nc4 Rd8 
20. Rxd7 Rxd7 21. Rd1 b5 22. Rxd7 Bd8 23. Rh7+ 
1-0

[Event "34th Chess Olympiad (men)"]
[Site "Istanbul"]
[Date "2000.11.04"]
[Round "7.59.2"]
[White "Matoewi, Roger"]
[Black "Kast, Harry"]
[WhiteElo "2000"]
[BlackElo "2000"]
[WhiteCountry "SUR"]
[BlackCountry "BER"]
[Result "1/2-1/2"]

1. e4 c5 2. Nf3 d6 3. d4 cxd4 4. Nxd4 Nf6 5. Nc3 a6 6. Be2 e6 7. Be3 Be7 
8. O-O O-O 9. Kh1 Qc7 10. f4 Nc6 11. Nb3 b5 12. a3 Bb7 13. Bf3 Rad8 14. Qe2 Rd7 
15. Qf2 Qb8 16. Rad1 Qa8 17. Rd2 Bd8 18. Rfd1 Nb8 19. e5 Bxf3 20. Qxf3 Qxf3 
21. gxf3 dxe5 22. fxe5 Rxd2 23. Rxd2 Nh5 24. Bc5 Re8 25. Bd6 Bb6 26. Ne4 Nf4 
27. Nbc5 a5 28. Bxb8 Bxc5 29. Nxc5 Rxb8 30. Rd4 Nd5 31. c3 Rc8 
1/2-1/2

[Event "34th Chess Olympiad (men)"]
[Site "Istanbul"]
[Date "2000.11.04"]
[Round "7.59.3"]
[White "Miller, Bobby"]
[Black "Gajadin, Dew"]
[WhiteElo "2000"]
[BlackElo "2202"]
[WhiteCountry "BER"]
[BlackCountry "SUR"]
[Result "1/2-1/2"]

1. e4 e5 2. Nf3 Nc6 3. Bc4 Be7 4. d4 exd4 5. Nxd4 d6 6. O-O Nf6 7. f3 O-O 
8. Bg5 Nxd4 9. Qxd4 b6 10. Nc3 d5 11. Bxf6 dxc4 12. Qxd8 Bxd8 13. Bxd8 Rxd8 
14. Rad1 Bb7 15. Rxd8+ Rxd8 16. Rd1 Rxd1+ 
1/2-1/2

[Event "34th Chess Olympiad (men)"]
[Site "Istanbul"]
[Date "2000.11.04"]
[Round "7.59.4"]
[White "Treu, Auke"]
[Black "Ebbin, Larry"]
[WhiteElo "2000"]
[BlackElo "2000"]
[WhiteCountry "SUR"]
[BlackCountry "BER"]
[Result "1-0"]

1. e4 e5 2. Nf3 Nc6 3. Bc4 a6 4. d4 exd4 5. Nxd4 Nxd4 6. Qxd4 c6 7. O-O Qa5 
8. Bf4 Qc5 9. Qd3 b5 10. Bb3 a5 11. a4 Ba6 12. Nd2 Be7 13. Rfe1 g5 14. Be3 Qb4 
15. c3 Qd6 16. Qc2 bxa4 17. Rxa4 Qc7 18. Bd4 Bf6 19. e5 O-O-O 20. exf6 Bb5 
21. Raa1 Nh6 22. c4 Ba6 23. Bc3 Ng4 24. Nf3 Rde8 25. Rxe8+ Rxe8 26. Qf5 Nxf2 
27. Bxa5 Qa7 28. c5 Bd3 29. Qxg5 Ne4 30. Qc1 Nxc5 31. Bd2 Ba6 32. Be3 Nxb3 
33. Bxa7 Nxc1 34. Rxc1 Kb7 
1-0

[Event "34th Chess Olympiad (men)"]
[Site "Istanbul"]
[Date "2000.11.04"]
[Round "7.60.1"]
[White "Tun, Yap"]
[Black "Luga, Allan"]
[WhiteElo "2000"]
[BlackElo "2000"]
[WhiteCountry "BRU"]
[BlackCountry "PNG"]
[Result "1-0"]

1. d4 d5 2. e3 Nf6 3. Bd3 g6 4. Nd2 Bg7 5. f4 e6 6. Ngf3 O-O 7. O-O Nbd7 
8. Ne5 Qe7 9. Qf3 c5 10. c3 c4 11. Bc2 Qd6 12. a4 a5 13. Rf2 b6 14. Ndxc4 Qc7 
15. Nd2 Bb7 16. Bd3 Nxe5 17. fxe5 Nd7 18. Qh3 f5 19. exf6 Nxf6 20. Qxe6+ Kh8 
21. Qh3 Rae8 22. Bxg6 Bc8 23. Bf5 Bxf5 24. Rxf5 Qc6 25. Nf3 Ne4 26. Bd2 Rg8 
27. Be1 Re6 28. Bg3 Rh6 29. Ne5 Bxe5 30. Bxe5+ Rf6 31. Qh6 Rgg6 32. Qf8+ Rg8 
33. Bxf6+ Nxf6 34. Qxf6+ Qxf6 35. Rxf6 Re8 36. Kf2 Rb8 37. b4 axb4 38. cxb4 
1-0

[Event "34th Chess Olympiad (men)"]
[Site "Istanbul"]
[Date "2000.11.04"]
[Round "7.60.2"]
[White "Press, Shaun"]
[Black "Yusof, Abdul"]
[WhiteElo "2000"]
[BlackElo "2000"]
[WhiteCountry "PNG"]
[BlackCountry "BRU"]
[Result "1-0"]

1. d4 d5 2. c4 Nf6 3. cxd5 Nxd5 4. Nf3 g6 5. e4 Nf6 6. Nc3 Bg7 7. Bc4 O-O 
8. h3 c6 9. O-O Nfd7 10. Bg5 Nb6 11. Bb3 N8d7 12. Qe2 Nf6 13. Rfd1 Qc7 
14. Rac1 a6 15. e5 Ne8 16. d5 h6 17. d6 exd6 18. exd6 Nxd6 19. Be7 Re8 
20. Bxd6 Qd7 21. Qc2 Qf5 22. Qxf5 Bxf5 23. Bc7 Nc8 24. Nd4 Bxd4 25. Rxd4 Ne7 
26. g4 Rac8 27. Bb6 c5 28. Rf4 Rc6 29. Ba4 Rxb6 30. Bxe8 Kf8 31. gxf5 Kxe8 
32. Re1 Kf8 33. Rxe7 
1-0

[Event "34th Chess Olympiad (men)"]
[Site "Istanbul"]
[Date "2000.11.04"]
[Round "7.60.3"]
[White "Voon Choon, Leong"]
[Black "Albis, Jeppers"]
[WhiteElo "2000"]
[BlackElo "2000"]
[WhiteCountry "BRU"]
[BlackCountry "PNG"]
[Result "0-1"]

1. e4 c5 2. d4 cxd4 3. c3 g6 4. cxd4 Bg7 5. Nf3 e6 6. Nc3 a6 7. Bd3 Ne7 
8. Bg5 f6 9. Be3 b5 10. Qd2 Bb7 11. Bh6 O-O 12. O-O d5 13. e5 f5 14. Qg5 Nbc6 
15. Qh4 Bxh6 16. Qxh6 Qd7 17. Ng5 Nc8 18. Ne2 Nd8 19. Nf4 Nb6 20. Rfe1 Bc8 
21. Rac1 Ra7 22. Re3 Qg7 23. Rh3 Qxh6 24. Rxh6 Re8 25. Rh3 Ree7 26. Rc5 Rac7 
27. b3 Rxc5 28. dxc5 Nd7 29. b4 Nxe5 30. Bf1 d4 31. Nf3 Ndc6 32. a3 Nxf3+ 
33. Rxf3 Ne5 34. Rb3 Bb7 35. a4 Nc4 36. axb5 axb5 37. Rb1 e5 38. Nh3 e4 
39. Be2 d3 40. Bd1 Kg7 41. Ra1 Kf6 42. Ra7 Nb2 43. Ra1 Ke5 44. Kf1 Kd4 
45. Rc1 Bc6 46. Bb3 e3 47. fxe3+ Rxe3 48. Bg8 d2 49. Rb1 Nd3 
0-1

[Event "34th Chess Olympiad (men)"]
[Site "Istanbul"]
[Date "2000.11.04"]
[Round "7.60.4"]
[White "Marko, Helmut"]
[Black "Dollah, Zaidi"]
[WhiteElo "2205"]
[BlackElo "2000"]
[WhiteCountry "PNG"]
[BlackCountry "BRU"]
[Result "1/2-1/2"]

1. e4 e5 2. Nf3 Nc6 3. d4 exd4 4. Bc4 h6 5. Nxd4 Ne5 6. Bb3 c5 7. Nf3 Ng6 
8. O-O N8e7 9. Nc3 Nc6 10. a3 d6 11. h3 Be7 12. Nd5 O-O 13. c3 Nce5 
14. Nxe5 dxe5 15. Be3 b6 16. Qh5 Bg5 17. Rfd1 Bxe3 18. Nxe3 Qg5 19. Qxg5 hxg5 
20. Rd6 Kh7 21. Rad1 b5 22. a4 c4 23. Bc2 a6 24. Rb6 bxa4 25. Nxc4 Be6 
26. Ne3 Rfb8 27. Rdd6 Rxb6 28. Rxb6 Bd7 29. Bd3 Bc8 30. Nd5 Nf4 31. Bf1 Ra7 
32. c4 Ne6 33. f3 a5 34. Kf2 Rb7 35. g3 Nc5 36. Ke3 Rxb6 37. Nxb6 Bb7 
38. Bd3 f6 39. Bc2 Bc6 40. Nd5 Kh6 41. Kd2 Kh5 42. Ne3 Bd7 43. Nf5 Kg6 
44. Kc3 Kf7 45. Kd2 Kf8 46. g4 g6 47. Ne3 Kf7 
1/2-1/2

[Event "34th Chess Olympiad (men)"]
[Site "Istanbul"]
[Date "2000.11.04"]
[Round "7.61.1"]
[White "Renaud, Kenny"]
[Black "Allen, Daryl"]
[WhiteElo "2000"]
[BlackElo "2000"]
[WhiteCountry "SEY"]
[BlackCountry "ISV"]
[Result "1/2-1/2"]

1. e4 c5 2. Nf3 Nc6 3. d4 e6 4. Nc3 cxd4 5. Nxd4 Nf6 6. Bf4 Bb4 7. Ndb5 e5 
8. Bg5 d6 9. Bxf6 gxf6 10. a3 Bc5 11. Nd5 O-O 12. Qf3 f5 13. exf5 Qg5 
14. Bd3 a6 15. h4 Qh6 16. Nbc7 Rb8 17. g4 Qg7 18. Qe4 Bd7 19. g5 Kh8 
20. Rb1 Nd4 21. Qg4 Rbc8 22. h5 f6 23. g6 h6 24. O-O Ba7 25. c3 Nb3 
26. Rbd1 Nc5 27. Ne6 Bxe6 28. fxe6 Nxd3 29. Rxd3 f5 30. Qh3 f4 31. e7 Rfe8 
32. Qe6 
1/2-1/2

[Event "34th Chess Olympiad (men)"]
[Site "Istanbul"]
[Date "2000.11.04"]
[Round "7.61.2"]
[White "Carty, Leo"]
[Black "Kimende, Ralph"]
[WhiteElo "2000"]
[BlackElo "2202"]
[WhiteCountry "ISV"]
[BlackCountry "SEY"]
[Result "0-1"]

1. d4 d5 2. Nf3 Bf5 3. e3 Nf6 4. Nbd2 e6 5. Be2 c5 6. Nh4 Bg6 7. Nxg6 hxg6 
8. Nf3 Nc6 9. O-O Bd6 10. dxc5 Bxc5 11. Bb5 Bd6 12. h3 Rc8 13. b3 Bb8 
14. Bb2 Kf8 15. Bxc6 Rxc6 16. Be5 Bxe5 17. Nxe5 Rc8 18. Rc1 Ne4 19. a4 Qg5 
20. f4 Qg3 21. Qf3 Rxh3 22. Qxg3 Rxg3 23. Rf3 Rc3 24. Rxg3 Nxg3 25. Kf2 Nf5 
26. Ng4 d4 27. exd4 Nxd4 28. Ne3 Nxb3 29. Rb1 Nc5 30. Rb4 Ke7 31. g4 Kd7 
32. f5 gxf5 33. gxf5 exf5 34. Rc4 Rxc4 35. Nxc4 Nxa4 
0-1

[Event "34th Chess Olympiad (men)"]
[Site "Istanbul"]
[Date "2000.11.04"]
[Round "7.61.3"]
[White "Payet, Amelie"]
[Black "Babic, Nenad"]
[WhiteElo "2010"]
[BlackElo "2080"]
[WhiteCountry "SEY"]
[BlackCountry "ISV"]
[Result "1-0"]

1. e4 e5 2. Nf3 d6 3. d4 exd4 4. Nxd4 Nf6 5. Nc3 Be7 6. Bc4 O-O 7. O-O Nbd7 
8. Nf3 Ng4 9. h3 Nge5 10. Nxe5 Nxe5 11. Bb3 Be6 12. Nd5 Rc8 13. f4 Nc6 
14. f5 Bxd5 15. Bxd5 Qe8 16. Qh5 Bf6 17. c3 Na5 18. g4 c6 19. g5 Bxg5 
20. Bxg5 cxd5 21. f6 g6 22. Qh6 Qxe4 23. Qg7# 
1-0

[Event "34th Chess Olympiad (men)"]
[Site "Istanbul"]
[Date "2000.11.04"]
[Round "7.61.4"]
[White "Jackson, Francis"]
[Black "Pothin, Victor"]
[WhiteElo "2000"]
[BlackElo "2000"]
[WhiteCountry "ISV"]
[BlackCountry "SEY"]
[Result "1-0"]

1. e4 c5 2. Bc4 Nc6 3. a3 b6 4. Nf3 e6 5. d3 Be7 6. Nc3 Bb7 7. Bd2 a6 
8. Qe2 Nd4 9. Nxd4 cxd4 10. Nd1 Rc8 11. c3 b5 12. Ba2 Bc5 13. Qg4 Qf6 14. c4 h5 
15. Qg5 Qxg5 16. Bxg5 e5 17. b4 Be7 18. f4 f6 19. Bh4 exf4 20. O-O g5 
21. Bf2 bxc4 22. Bxc4 Bxe4 23. Bxa6 Ra8 24. Bc4 Bg6 25. Bxd4 Kf8 26. Nc3 Nh6 
27. Nd5 Ng4 28. Nb6 Rd8 29. Rae1 Rh7 30. h3 Ne5 31. Bxe5 fxe5 32. Rxe5 Bf6 
33. Rb5 Bf7 34. Bxf7 Bd4+ 35. Kh1 Bxb6 36. Bg6 Rh6 37. Rxb6 Kg7 38. g3 Rxg6 
39. Rxg6+ Kxg6 40. gxf4 Rf8 41. f5+ Kf6 42. Re1 Ra8 43. Ra1 Kxf5 44. Kg2 h4 
45. a4 Ke5 46. Kf3 Kd4 47. Ra3 Rf8+ 48. Kg4 Rg8 49. a5 Kd5 50. a6 Kc6 
51. a7 Kb7 52. a8=Q+ Rxa8 53. Rxa8 Kxa8 54. Kxg5 Kb7 55. Kxh4 Kc6 56. Kg5 Kb5 
57. Kf4 Kxb4 58. d4 Kb5 59. h4 Kc6 60. Ke5 Kc7 
1-0

[Event "34th Chess Olympiad (men)"]
[Site "Istanbul"]
[Date "2000.11.04"]
[Round "7.62.1"]
[White "Murasira, Albert"]
[Black "Rowe, Peter"]
[WhiteElo "2000"]
[BlackElo "2092"]
[WhiteCountry "RWA"]
[BlackCountry "GCI"]
[Result "1/2-1/2"]

1. e4 Nc6 2. Nf3 d6 3. d4 Nf6 4. Nc3 g6 5. Bc4 Bg7 6. Ng5 O-O 7. O-O h6 
8. Nf3 Bg4 9. Be2 Qc8 10. d5 Nb8 11. Kh1 c6 12. h3 Bd7 13. Nh2 b5 14. a3 a5 
15. f4 cxd5 16. exd5 Qb7 17. Qd3 b4 18. axb4 axb4 19. Rxa8 Qxa8 20. Nd1 Qxd5 
21. Qxd5 Nxd5 22. Ng4 h5 23. Nge3 Nxe3 24. Bxe3 Bf5 25. Bd3 Bxd3 26. cxd3 e6 
27. Bd2 Nc6 28. g4 hxg4 29. hxg4 Bd4 30. f5 Kg7 31. Kg2 Rh8 32. fxe6 fxe6 
33. b3 Be5 34. Rh1 Rxh1 35. Kxh1 d5 36. Nf2 Bc3 37. Bf4 Na5 38. Nd1 e5 
39. Nxc3 exf4 40. Nxd5 Nxb3 41. Nxb4 Kf6 42. Kg2 Nd4 43. Na6 Ke5 44. Nc5 Nc2 
45. Kf3 Nd4+ 
1/2-1/2

[Event "34th Chess Olympiad (men)"]
[Site "Istanbul"]
[Date "2000.11.04"]
[Round "7.62.2"]
[White "Cummins, John"]
[Black "Minani, Froduald"]
[WhiteElo "2000"]
[BlackElo "2000"]
[WhiteCountry "GCI"]
[BlackCountry "RWA"]
[Result "1-0"]

1. e4 e6 2. Nc3 Bb4 3. Nf3 Bxc3 4. bxc3 d5 5. e5 Nc6 6. d4 Nge7 7. Bd3 h6 
8. O-O Nf5 9. Ba3 Nce7 10. g4 Ng6 11. gxf5 exf5 12. Qd2 Qd7 13. Rfe1 Qe6 
14. Bb5+ c6 15. Bf1 f4 16. Bg2 Qg4 17. h3 Qh5 18. h4 Bg4 19. Qd3 Bf5 
20. Qf1 Be4 21. Qe2 Bf5 22. c4 Bg4 23. Qd3 Bf5 24. Qb3 O-O-O 25. Rab1 Rd7 
26. cxd5 Nxh4 27. Nxh4 Qxh4 28. dxc6 b6 29. cxd7+ Bxd7 30. Qd5 Re8 31. Rb3 Qg4 
32. Qd6 Qe6 33. Qxe6 Rxe6 34. Bd6 Rg6 35. f3 h5 36. Kf2 Rh6 37. Rh1 f5 
38. Rg1 g6 39. Ra3 h4 40. Rxa7 Be8 41. d5 Rh5 
1-0

[Event "34th Chess Olympiad (men)"]
[Site "Istanbul"]
[Date "2000.11.04"]
[Round "7.62.3"]
[White "Mutabazi, Fidele"]
[Black "Manzanilla, Ernesto"]
[WhiteElo "2000"]
[BlackElo "2155"]
[WhiteCountry "RWA"]
[BlackCountry "GCI"]
[Result "1-0"]

1. e4 c5 2. Nf3 Nc6 3. c3 g6 4. d4 cxd4 5. cxd4 Bg7 6. e5 d6 7. Bb5 a6 
8. Bxc6+ bxc6 9. O-O d5 10. Nc3 e6 11. Be3 Rb8 12. Qd2 Ne7 13. g4 h5 
14. h3 hxg4 15. hxg4 f5 16. g5 Kf7 17. Kg2 Qb6 18. b3 Qb4 19. Rh1 Bd7 
20. Na4 Qxd2 21. Bxd2 Rb5 22. Nc5 Bc8 23. a4 Rb8 24. Ba5 Rh5 25. Rh2 f4 
26. Rah1 Rxh2+ 27. Rxh2 Nf5 28. Bd2 Kg8 29. Ba5 Bf8 30. Bd8 Bxc5 31. dxc5 Ng7 
32. Rh6 Bd7 33. Bf6 Be8 34. Nd4 Rxb3 35. Nxb3 Nf5 36. Rh8+ Kf7 37. Rh7+ Kg8 
38. Ra7 d4 39. Rxa6 
1-0